| 000 | 00330nam a2200145Ia 4500 | ||
|---|---|---|---|
| 008 | 230312s9999||||xx |||||||||||||| ||und|| | ||
| 020 | _a9780113227990 | ||
| 082 |
_a615.03 _bBRI- |
||
| 245 | 0 | _aBritish Pharmacopeia | |
| 260 |
_aLondon _c2009 |
||
| 300 | _a1126 | ||
| 546 | _aEng. | ||
| 650 |
_aPharmacy _vPharmacopia |
||
| 942 | _cBK | ||
| 999 |
_c4647 _d4647 |
||